[Event "BL2 West 1718 (Women)"]
[Site "Germany"]
[Date "2017.10.14"]
[Round "1.3"]
[White "Baumann, Eva"]
[Black "Moeller, Hannah Sophie"]
[Result "1/2-1/2"]
[WhiteElo "1605"]
[BlackElo "1700"]
[PlyCount "113"]
[EventDate "2017.10.14"]
[EventType "team-tourn"]
[EventRounds "7"]
[EventCountry "GER"]
[SourceTitle "EXT 2019"]
[Source "ChessBase"]
[SourceDate "2018.10.10"]
[SourceVersion "1"]
[SourceVersionDate "2018.10.10"]
[SourceQuality "1"]
[WhiteTeam "Muenster SK (W)"]
[BlackTeam "Steinfurt (W)"]
[WhiteTeamCountry "GER"]
[BlackTeamCountry "GER"]

1. e4 c5 2. Nc3 d6 3. f4 g6 4. Bb5+ Bd7 5. Bxd7+ Qxd7 6. Nf3 Bg7 7. 0-0 Nf6 8. d3 Nc6 9. a3 0-0 10. Qe1 Rab8 11. f5 b5 12. fxg6 hxg6 13. Qh4 Qg4 14. Bg5 Qxh4 15. Nxh4 Nd4 16. Nd5 Nxd5 17. exd5 Nxc2 18. Rac1 Nd4 19. Rfe1 Bf6 20. Bxf6 exf6 21. Nf3 Nf5 22. b4 Rbc8 23. Kf2 c4 24. dxc4 Rxc4 25. Rxc4 bxc4 26. Rc1 Rc8 27. Ke2 Ne7 28. Nd2 c3 29. Ne4 Nxd5 30. Nxd6 Rc6 31. Nb5 a6 32. Nd4 Rc7 33. g3 Kf8 34. Kd3 Ke7 35. Ne2 Rd7 36. Kc4 c2 37. Nd4 Ne3+ 38. Kc3 Ng4 39. h4 Nf2 40. Rxc2 Ne4+ 41. Kd3 Nxg3 42. Kc4 Rc7+ 43. Kd3 Rxc2 44. Kxc2 g5 45. Nf3 gxh4 46. Nxh4 Kd6 47. Kd3 Kc6 48. a4 Kd5 49. b5 axb5 50. axb5 Kc5 51. Ke3 Kxb5 52. Kf4 Nh5+ 53. Kf5 Kc6 54. Ng2 Kd6 55. Nf4 Nxf4 56. Kxf6 Ne6 57. Kxf7 1/2-1/2

[Event "Muensterland Verbandsliga 1718"]
[Site "Germany"]
[Date "2017.10.07"]
[Round "2.8"]
[White "Baumann, Eva"]
[Black "Knocks, Elmar"]
[Result "1/2-1/2"]
[WhiteElo "1671"]
[BlackElo "1658"]
[PlyCount "104"]
[EventDate "2017.09.09"]
[EventType "team-tourn"]
[EventRounds "9"]
[EventCountry "GER"]
[SourceTitle "EXT 2019"]
[Source "ChessBase"]
[SourceDate "2018.10.10"]
[SourceVersion "1"]
[SourceVersionDate "2018.10.10"]
[SourceQuality "1"]
[WhiteTeam "Muenster SK IV"]
[BlackTeam "Metelen"]
[WhiteTeamCountry "GER"]
[BlackTeamCountry "GER"]

1. e4 e5 2. Nf3 Nc6 3. Bc4 Bc5 4. c3 Nf6 5. d3 d6 6. Bg5 h6 7. Bh4 0-0 8. Nbd2 Be6 9. Qe2 a6 10. 0-0 b5 11. Bb3 Bxb3 12. Nxb3 Bb6 13. d4 Qe7 14. Rfe1 Rfe8 15. d5 Nb8 16. Nbd2 Nbd7 17. c4 Reb8 18. b3 Nf8 19. Nf1 Ng6 20. Bxf6 Qxf6 21. g3 h5 22. Ne3 h4 23. Nf5 Kh7 24. N5xh4 Rh8 25. Rf1 Kg8 26. Nf5 Ne7 27. Nxe7+ Qxe7 28. cxb5 axb5 29. a4 b4 30. Rae1 g5 31. Qd2 f6 32. Kh1 Rf8 33. Rg1 Rf7 34. Rg2 Rfh7 35. Qxb4 Rh3 36. a5 Bc5 37. Qb5 Qh7 38. Qe8+ Kg7 39. Qd7+ Kg6 40. Qf5+ Kg7 41. Qxh7+ R3xh7 42. Re2 Ra8 43. Ra2 Rhh8 44. Rg1 Rhb8 45. Rb1 Rb4 46. Nd2 Bxf2 47. Kg2 Bd4 48. Kf3 Rab8 49. a6 Ba7 50. Rc2 Bc5 51. a7 Ra8 52. Ra1 Rb7 1/2-1/2

[Event "Muensterland Verbandsliga 1718"]
[Site "Germany"]
[Date "2017.09.09"]
[Round "1.5"]
[White "Baumann, Eva"]
[Black "Preuss, Richard"]
[Result "1/2-1/2"]
[WhiteElo "1671"]
[BlackElo "1747"]
[PlyCount "28"]
[EventDate "2017.09.09"]
[EventType "team-tourn"]
[EventRounds "9"]
[EventCountry "GER"]
[SourceTitle "EXT 2019"]
[Source "ChessBase"]
[SourceDate "2018.10.10"]
[SourceVersion "1"]
[SourceVersionDate "2018.10.10"]
[SourceQuality "1"]
[WhiteTeam "Muenster SK IV"]
[BlackTeam "Olfen"]
[WhiteTeamCountry "GER"]
[BlackTeamCountry "GER"]

1. e4 e6 2. d4 d5 3. Nc3 Nf6 4. e5 Nfd7 5. f4 c5 6. Nf3 Nc6 7. Be3 Qb6 8. a3 cxd4 9. Nxd4 Nxd4 10. Bxd4 Bc5 11. Na4 Qa5+ 12. Nc3 Qb6 13. Na4 Qa5+ 14. Nc3 Qb6 1/2-1/2

[Event "GER-chT U20"]
[Site "Borken"]
[Date "2016.12.29"]
[Round "6.4"]
[White "Baumann, Eva"]
[Black "Klodt, Daniel"]
[Result "1/2-1/2"]
[WhiteElo "1704"]
[BlackElo "1770"]
[PlyCount "66"]
[EventDate "2016.12.27"]
[EventType "team-swiss"]
[EventRounds "7"]
[EventCountry "GER"]
[SourceTitle "EXT 2018"]
[Source "ChessBase"]
[SourceDate "2017.10.13"]
[SourceVersion "1"]
[SourceVersionDate "2017.10.13"]
[SourceQuality "1"]
[WhiteTeam "Muenster"]
[BlackTeam "Berlin Mattnetz"]
[WhiteTeamCountry "GER"]
[BlackTeamCountry "GER"]

1. e4 e6 2. d4 d5 3. Nc3 Bb4 4. exd5 exd5 5. Nf3 Nf6 6. h3 0-0 7. Be2 h6 8. 0-0 Bf5 9. Bd2 c6 10. a3 Bd6 11. Na2 Re8 12. Re1 Nbd7 13. Nb4 Ne4 14. Nd3 Qc7 15. Bb4 Rad8 16. Bxd6 Qxd6 17. Rc1 Bh7 18. Nde5 Qf6 19. Nxd7 Rxd7 20. Bd3 Rde7 21. Rf1 Rd8 22. c3 Nd6 23. Bxh7+ Kxh7 24. Qd3+ Qf5 25. Qxf5+ Nxf5 26. Rfe1 Rde8 27. Kf1 Kg8 28. Rxe7 Rxe7 29. Re1 Kf8 30. b3 Nd6 31. a4 f6 32. Rxe7 Kxe7 33. Ke2 Ke6 1/2-1/2

[Event "Muensterland Verbandsliga 1617"]
[Site "Germany"]
[Date "2016.12.17"]
[Round "5.7"]
[White "Bartsch, Rainer"]
[Black "Baumann, Eva"]
[Result "1/2-1/2"]
[WhiteElo "1805"]
[BlackElo "1691"]
[PlyCount "45"]
[EventDate "2016.09.10"]
[EventType "team"]
[EventRounds "9"]
[EventCountry "GER"]
[SourceTitle "EXT 2018"]
[Source "ChessBase"]
[SourceDate "2017.10.13"]
[SourceVersion "1"]
[SourceVersionDate "2017.10.13"]
[SourceQuality "1"]
[WhiteTeam "Saerbeck"]
[BlackTeam "Muenster SK IV"]
[WhiteTeamCountry "GER"]
[BlackTeamCountry "GER"]

1. d4 d5 2. Nf3 Nf6 3. e3 e6 4. Bd3 c5 5. b3 Nbd7 6. Nbd2 b6 7. Bb2 Bb7 8. 0-0 Bd6 9. c4 0-0 10. Rc1 Rc8 11. h3 h6 12. Ne5 Ne4 13. Nxd7 Qxd7 14. Qe2 Nxd2 15. Qxd2 Qe7 16. Rfd1 Rfd8 17. Qe2 Qg5 18. Qg4 Qxg4 19. hxg4 Kf8 20. Re1 cxd4 21. exd4 Bb4 22. Red1 Bd6 23. Kf1 1/2-1/2

[Event "BL2 West 1617 (Women)"]
[Site "Germany"]
[Date "2016.10.23"]
[Round "2.3"]
[White "Baumann, Eva"]
[Black "Schmidt, Andrea"]
[Result "1/2-1/2"]
[WhiteElo "1572"]
[BlackElo "2019"]
[PlyCount "62"]
[EventDate "2016.10.22"]
[EventType "team-tourn"]
[EventRounds "7"]
[EventCountry "GER"]
[SourceTitle "EXT 2018"]
[Source "ChessBase"]
[SourceDate "2017.10.13"]
[SourceVersion "1"]
[SourceVersionDate "2017.10.13"]
[SourceQuality "1"]
[WhiteTeam "Muenster (W)"]
[BlackTeam "Wattenscheid (W)"]
[WhiteTeamCountry "GER"]
[BlackTeamCountry "GER"]

1. e4 e6 2. d4 d5 3. exd5 exd5 4. Nf3 Nf6 5. Bd3 Bd6 6. 0-0 0-0 7. Bg5 Bg4 8. Nbd2 Nbd7 9. c3 c6 10. Re1 Qc7 11. Qc2 Rfe8 12. b3 Bh5 13. h3 Bg6 14. Bxg6 hxg6 15. c4 b6 16. Rxe8+ Rxe8 17. Re1 Rxe1+ 18. Nxe1 c5 19. Bxf6 Nxf6 20. dxc5 Bxc5 21. cxd5 Nxd5 22. Qc4 Nf4 23. Kf1 Ne6 24. Nef3 Qd8 25. Qe4 a5 26. Nc4 Qd1+ 27. Ne1 Qa1 28. Qe2 Qd4 29. Nf3 Qa1+ 30. Ne1 Qf6 31. Nd3 Qa1+ 1/2-1/2

[Event "Muensterland Verbandsliga 1516"]
[Site "Germany"]
[Date "2016.04.23"]
[Round "8.7"]
[White "Mense, Petra"]
[Black "Baumann, Eva"]
[Result "0-1"]
[WhiteElo "1414"]
[BlackElo "1638"]
[PlyCount "92"]
[EventDate "2015.09.12"]
[EventType "team"]
[EventRounds "9"]
[EventCountry "GER"]
[SourceTitle "EXT 2017"]
[Source "ChessBase"]
[SourceDate "2016.10.25"]
[SourceVersion "1"]
[SourceVersionDate "2016.10.25"]
[SourceQuality "1"]
[WhiteTeam "Heiden"]
[BlackTeam "Muenster SK V"]
[WhiteTeamCountry "GER"]
[BlackTeamCountry "GER"]

1. e4 e5 2. Nf3 Nc6 3. d4 exd4 4. Nxd4 Nf6 5. Bg5 Be7 6. Nxc6 bxc6 7. Nc3 Nxe4 8. Bxe7 Qxe7 9. Nxe4 Qxe4+ 10. Qe2 Qxe2+ 11. Bxe2 d5 12. 0-0-0 Bf5 13. Rhe1 0-0 14. c4 Rfd8 15. cxd5 cxd5 16. Bb5 c6 17. Ba6 Rab8 18. Re7 Rd7 19. Rde1 Kf8 20. R7e3 g6 21. b3 Be6 22. Rc3 Rb6 23. Bc8 Re7 24. Rce3 c5 25. Re5 Rc6 26. Bxe6 Rcxe6 27. Rxe6 Rxe6 28. Rd1 d4 29. Kc2 Re2+ 30. Rd2 Rxd2+ 31. Kxd2 Ke7 32. Kd3 Kd6 33. Kc4 a5 34. a3 Kc6 35. b4 axb4 36. axb4 cxb4 37. Kxb4 Kd5 38. f3 g5 39. Kb3 f5 40. Kb4 g4 41. h3 h5 42. h4 gxf3 43. gxf3 Ke5 44. Kc4 Kf4 45. Kxd4 Kxf3 46. Kd3 Kg3 0-1

[Event "Muensterland Verbandsliga 1516"]
[Site "Germany"]
[Date "2016.01.16"]
[Round "5.4"]
[White "Diehlmann, Christian"]
[Black "Baumann, Eva"]
[Result "1/2-1/2"]
[WhiteElo "1874"]
[BlackElo "1638"]
[PlyCount "61"]
[EventDate "2015.09.12"]
[EventType "team"]
[EventRounds "9"]
[EventCountry "GER"]
[SourceTitle "EXT 2017"]
[Source "ChessBase"]
[SourceDate "2016.10.25"]
[SourceVersion "1"]
[SourceVersionDate "2016.10.25"]
[SourceQuality "1"]
[WhiteTeam "Ahaus Wessum"]
[BlackTeam "Muenster SK V"]
[WhiteTeamCountry "GER"]
[BlackTeamCountry "GER"]

1. d4 d5 2. c4 e6 3. Nc3 Nf6 4. Nf3 Nbd7 5. Bg5 Be7 6. e3 0-0 7. Bd3 dxc4 8. Bxc4 Nb6 9. Bd3 Nfd5 10. Bxe7 Qxe7 11. 0-0 Nxc3 12. bxc3 c5 13. Nd2 h6 14. Ne4 cxd4 15. cxd4 Nd5 16. Qb3 b6 17. Rfc1 Bb7 18. a3 Rfc8 19. h3 Nf6 20. Nd2 Qd6 21. Be2 Qd5 22. Qxd5 Bxd5 23. Ba6 Rd8 24. Rc7 Ne8 25. Rc3 Nd6 26. Rac1 Kf8 27. f3 Ke8 28. Rc7 Rd7 29. e4 Bb7 30. Bxb7 Nxb7 31. Rxd7 1/2-1/2

[Event "GER-ch U25 op-A"]
[Site "Willingen"]
[Date "2015.05.29"]
[Round "8"]
[White "Baumann, Eva"]
[Black "Longo, Claudio"]
[Result "0-1"]
[WhiteElo "1528"]
[BlackElo "1781"]
[PlyCount "108"]
[EventDate "2015.05.24"]
[EventType "swiss"]
[EventRounds "9"]
[EventCountry "GER"]
[SourceTitle "CBM 166 Extra"]
[Source "ChessBase"]
[SourceDate "2015.06.18"]
[SourceVersion "1"]
[SourceVersionDate "2015.06.18"]
[SourceQuality "1"]

1. e4 d5 2. exd5 Nf6 3. d4 Nxd5 4. Nf3 g6 5. c4 Nb6 6. Be3 Bg7 7. h3 0-0 8. Be2 Nc6 9. 0-0 e5 10. dxe5 Nxe5 11. Nxe5 Bxe5 12. Qb3 Be6 13. Nd2 Qe7 14. Nf3 Bg7 15. Rad1 Rad8 16. Qc2 Bf5 17. Qc1 Na4 18. Rxd8 Qxd8 19. b3 Nc3 20. Re1 Re8 21. a3 Nxe2+ 22. Rxe2 Qd3 23. Rd2 Qxb3 24. Nd4 Qa4 25. Nb5 Qa5 26. Bf4 Bf8 27. Rd1 Rc8 28. Bd2 Qb6 29. Be3 Bc5 30. Bxc5 Qxc5 31. Nd4 Re8 32. Nxf5 Qxf5 33. Qb2 b6 34. Qc3 Qe5 35. Qc1 h5 36. Qb1 Qf4 37. Qc2 Re4 38. Qb2 Qe5 39. Qc1 Kg7 40. Rf1 Re2 41. Qb1 g5 42. Qc1 g4 43. hxg4 hxg4 44. Qd1 g3 45. fxg3 Qe4 46. Rxf7+ Kxf7 47. Qd7+ Qe7 48. Qf5+ Ke8 49. Qh5+ Kd8 50. Qd5+ Kc8 51. Qa8+ Kd7 52. Qd5+ Qd6 53. Qf5+ Re6 54. Qf7+ Qe7 0-1

[Event "GER-ch U25 op-A"]
[Site "Willingen"]
[Date "2015.05.27"]
[Round "6"]
[White "Glaser, Maximilian"]
[Black "Baumann, Eva"]
[Result "0-1"]
[WhiteElo "1754"]
[BlackElo "1528"]
[PlyCount "100"]
[EventDate "2015.05.24"]
[EventType "swiss"]
[EventRounds "9"]
[EventCountry "GER"]
[SourceTitle "CBM 166 Extra"]
[Source "ChessBase"]
[SourceDate "2015.06.18"]
[SourceVersion "1"]
[SourceVersionDate "2015.06.18"]
[SourceQuality "1"]

1. Nf3 d5 2. g3 Nf6 3. Bg2 Bf5 4. 0-0 e6 5. d3 Bc5 6. Nbd2 0-0 7. c3 c6 8. h3 h6 9. Qc2 Nbd7 10. b4 Bb6 11. Nh4 Bh7 12. Bb2 Nh5 13. Kh2 Bc7 14. Bf3 Qxh4 15. Bxh5 Qxh5 16. Nf3 f6 17. Qd2 Qf7 18. Nd4 Bb6 19. Nf3 Rac8 20. a4 a6 21. Ba3 Rfd8 22. Kg2 e5 23. Nh2 e4 24. d4 Bc7 25. Bc1 Bf5 26. f4 exf3+ 27. exf3 Re8 28. Qf2 Qe6 29. g4 Bd3 30. Rg1 Qe2 31. Rf1 Qxf2+ 32. Rxf2 Re2 33. Rxe2 Bxe2 34. Nf1 Re8 35. Ng3 Bd3 36. Ra2 Nf8 37. Nh5 Kf7 38. f4 Re1 39. Bd2 Re2+ 40. Kf3 Bc4 41. Rb2 Ne6 42. Ng3 Rh2 43. h4 Bxf4 44. Bc1 Rxb2 45. Bxb2 Bd2 46. Nf5 Bf4 47. h5 Bc7 48. Nh4 Bb3 49. a5 Bd1+ 50. Ke3 Bxg4 0-1

[Event "GER-ch U25 op-A"]
[Site "Willingen"]
[Date "2015.05.24"]
[Round "1"]
[White "Baumann, Eva"]
[Black "Hesse, Henrik"]
[Result "0-1"]
[WhiteElo "1528"]
[BlackElo "1839"]
[PlyCount "112"]
[EventDate "2015.05.24"]
[EventType "swiss"]
[EventRounds "9"]
[EventCountry "GER"]
[SourceTitle "CBM 166 Extra"]
[Source "ChessBase"]
[SourceDate "2015.06.18"]
[SourceVersion "1"]
[SourceVersionDate "2015.06.18"]
[SourceQuality "1"]

1. e4 e5 2. Nf3 Nf6 3. Nxe5 d6 4. Nf3 Nxe4 5. Nc3 Nxc3 6. dxc3 Be7 7. Be3 Nc6 8. Qd2 Be6 9. Bd3 Qd7 10. 0-0-0 0-0-0 11. Kb1 Ne5 12. Nd4 Nc4 13. Bxc4 Bxc4 14. Nf3 Be6 15. Rhg1 Bf6 16. Bd4 Qa4 17. b3 Qa5 18. Bxf6 gxf6 19. Nd4 Rhg8 20. Nxe6 fxe6 21. c4 Qxd2 22. Rxd2 Rg5 23. Kc1 Rdg8 24. g3 Rh5 25. f4 Rf5 26. Rgg2 e5 27. fxe5 dxe5 28. Rdf2 Rxf2 29. Rxf2 Rf8 30. Kd2 Kd7 31. Ke3 Ke6 32. b4 Rd8 33. c3 f5 34. h3 Rg8 35. Rg2 f4+ 36. Kf3 Rxg3+ 37. Rxg3 fxg3 38. Kxg3 b6 39. Kf3 Kf5 40. Ke3 c5 41. a3 e4 42. a4 h5 43. a5 h4 44. axb6 axb6 45. bxc5 bxc5 46. Ke2 Kf4 47. Kf2 e3+ 48. Ke2 Ke4 49. Ke1 Kd3 50. Kd1 Kxc3 51. Ke2 Kd4 52. Kf3 Kd3 53. Kg4 e2 54. Kxh4 e1Q+ 55. Kh5 Qg3 56. h4 Kxc4 0-1

[Event "GER-ch U25 op-A"]
[Site "Willingen"]
[Date "2015.05.24"]
[Round "2"]
[White "Bosse, Lea"]
[Black "Baumann, Eva"]
[Result "1/2-1/2"]
[WhiteElo "1690"]
[BlackElo "1528"]
[PlyCount "73"]
[EventDate "2015.05.24"]
[EventType "swiss"]
[EventRounds "9"]
[EventCountry "GER"]
[SourceTitle "CBM 166 Extra"]
[Source "ChessBase"]
[SourceDate "2015.06.18"]
[SourceVersion "1"]
[SourceVersionDate "2015.06.18"]
[SourceQuality "1"]

1. e4 e5 2. Nf3 Nc6 3. d4 exd4 4. Bc4 Nf6 5. e5 d5 6. Bb5 Ne4 7. Nxd4 Bd7 8. Bxc6 bxc6 9. 0-0 Be7 10. f3 Ng5 11. f4 Ne4 12. Nd2 Nxd2 13. Bxd2 0-0 14. Be3 Bc5 15. Qd2 Bb6 16. Nb3 f6 17. exf6 Rxf6 18. Kh1 Qf8 19. Bd4 Rf7 20. Be5 Re8 21. Rae1 Rf5 22. Qd3 Rc8 23. c4 dxc4 24. Qxc4+ Qf7 25. Qxf7+ Rxf7 26. a4 a6 27. Rc1 Be6 28. Rc3 Bd5 29. a5 Ba7 30. Nc5 Bxc5 31. Rxc5 Rb8 32. Rc2 Rb5 33. Bc3 Rb8 34. b4 Re8 35. Rcf2 Re4 36. Bd2 Ree7 37. h3 1/2-1/2

[Event "GER-chT U20 Girls"]
[Site "Naumburg Saale"]
[Date "2014.12.27"]
[Round "1.1"]
[White "Spangenberg, Romy"]
[Black "Baumann, Eva"]
[Result "1/2-1/2"]
[WhiteElo "1794"]
[BlackElo "1608"]
[PlyCount "63"]
[EventDate "2014.12.27"]
[EventType "team-swiss"]
[EventRounds "7"]
[EventCountry "GER"]
[SourceTitle "EXT 2016"]
[Source "ChessBase"]
[SourceDate "2015.10.08"]
[SourceVersion "1"]
[SourceVersionDate "2015.10.08"]
[SourceQuality "1"]
[WhiteTeam "Chemnitz Aufbau"]
[BlackTeam "Muenster 32"]
[WhiteTeamCountry "GER"]
[BlackTeamCountry "GER"]

1. e4 e5 2. Nf3 Nc6 3. d4 exd4 4. Nxd4 Nf6 5. Nxc6 bxc6 6. e5 Qe7 7. Qe2 Nd5 8. c4 Ba6 9. b3 g6 10. Bb2 Bg7 11. Nd2 0-0 12. 0-0-0 Rfe8 13. Qe4 Nb6 14. f4 c5 15. Bd3 Rab8 16. Rhe1 Bb7 17. Qe2 d5 18. cxd5 Nxd5 19. g3 Qe6 20. Bc4 Qb6 21. Bxd5 Bxd5 22. Nc4 Bxc4 23. Qxc4 Red8 24. Kb1 Qb4 25. Qxb4 cxb4 26. Kc2 Bf8 27. Bd4 a5 28. e6 c5 29. exf7+ Kxf7 30. Be5 Rbc8 31. Rxd8 Rxd8 32. Bc7 1/2-1/2

[Event "Muensterland Verbandsliga 1415"]
[Site "Germany"]
[Date "2014.11.29"]
[Round "4.8"]
[White "Ebert, Bernd"]
[Black "Baumann, Eva"]
[Result "1-0"]
[WhiteElo "1693"]
[BlackElo "1525"]
[PlyCount "119"]
[EventDate "2014.09.06"]
[EventType "team-tourn"]
[EventRounds "9"]
[EventCountry "GER"]
[SourceTitle "EXT 2016"]
[Source "ChessBase"]
[SourceDate "2015.10.08"]
[SourceVersion "1"]
[SourceVersionDate "2015.10.08"]
[SourceQuality "1"]
[WhiteTeam "Telgte"]
[BlackTeam "Muenster V"]
[WhiteTeamCountry "GER"]
[BlackTeamCountry "GER"]

1. c4 e5 2. Nc3 Nc6 3. g3 f5 4. Bg2 Nf6 5. d3 Bb4 6. Bd2 Bxc3 7. Bxc3 d6 8. Nf3 0-0 9. 0-0 Qe8 10. Qd2 Nh5 11. Rae1 f4 12. e3 Qg6 13. Nh4 Qh6 14. exf4 exf4 15. Bd5+ Kh8 16. Re4 Bh3 17. Rfe1 Qg5 18. Ng2 Bxg2 19. Kxg2 f3+ 20. Kg1 Qg6 21. Rh4 Rad8 22. Be4 Qf7 23. Qg5 Nf6 24. Bxf6 gxf6 25. Qf5 Rd7 26. Qh3 Re8 27. Re3 Ne5 28. Rxh7+ Qxh7 29. Bxh7 Rxh7 30. Qf5 Rf8 31. b3 Rg7 32. Re4 Kg8 33. d4 Nc6 34. Qxf3 a6 35. Rf4 Rg6 36. Qd5+ Kg7 37. h4 Re8 38. Kf1 Rf8 39. a3 Rf7 40. b4 Nd8 41. b5 axb5 42. cxb5 b6 43. Re4 Rf8 44. Re7+ Rf7 45. Rxf7+ Nxf7 46. Qc6 Rg4 47. Qxc7 Rxd4 48. Qxb6 Ra4 49. Qc7 Rxa3 50. b6 Rb3 51. b7 Rb1+ 52. Kg2 d5 53. b8Q Rxb8 54. Qxb8 d4 55. Qc7 d3 56. Qd7 d2 57. Qxd2 Ne5 58. Qd4 Kg6 59. Qe4+ Kg7 60. h5 1-0

[Event "Dortmund Sparkassen op-B"]
[Site "Dortmund"]
[Date "2014.07.18"]
[Round "7"]
[White "Baumann, Eva"]
[Black "Krug, Michael"]
[Result "1/2-1/2"]
[WhiteElo "1482"]
[BlackElo "1891"]
[PlyCount "31"]
[EventDate "2014.07.12"]
[EventType "swiss"]
[EventRounds "9"]
[EventCountry "GER"]
[SourceTitle "EXT 2022"]
[Source "ChessBase"]
[SourceDate "2021.10.06"]
[SourceVersion "1"]
[SourceVersionDate "2021.10.06"]
[SourceQuality "1"]

1. e4 g6 2. d4 Bg7 3. Nf3 b6 4. Nc3 Bb7 5. Be3 e6 6. Bd3 d6 7. Qd2 Nd7 8. 0-0-0 Qe7 9. Rhe1 0-0-0 10. Kb1 h5 11. d5 e5 12. Qe2 Bh6 13. Bxh6 Nxh6 14. Ba6 Nb8 15. Bxb7+ Kxb7 16. h3 1/2-1/2

[Event "Dortmund Sparkassen op-B"]
[Site "Dortmund"]
[Date "2014.07.15"]
[Round "4"]
[White "Grasse, Herbert"]
[Black "Baumann, Eva"]
[Result "0-1"]
[WhiteElo "1833"]
[BlackElo "1482"]
[PlyCount "32"]
[EventDate "2014.07.12"]
[EventType "swiss"]
[EventRounds "9"]
[EventCountry "GER"]
[SourceTitle "EXT 2022"]
[Source "ChessBase"]
[SourceDate "2021.10.06"]
[SourceVersion "1"]
[SourceVersionDate "2021.10.06"]
[SourceQuality "1"]

1. Nf3 Nf6 2. g3 d5 3. Bg2 Bf5 4. d3 e6 5. 0-0 Be7 6. h3 Nc6 7. Nh4 Bg6 8. b3 Qd7 9. Bb2 0-0-0 10. Nd2 Nh5 11. Nxg6 hxg6 12. g4 Nf4 13. Bxg7 Nxh3+ 14. Bxh3 Rxh3 15. Bb2 e5 16. e4 Rdh8 0-1

[Event "Muensterland Verbandsklasse 1314"]
[Site "Germany"]
[Date "2013.12.21"]
[Round "4.8"]
[White "Baumann, Eva"]
[Black "Vinkelau, Heinz"]
[Result "1/2-1/2"]
[WhiteElo "1450"]
[BlackElo "1498"]
[PlyCount "84"]
[EventDate "2013.09.21"]
[EventType "team-tourn"]
[EventRounds "9"]
[EventCountry "GER"]
[SourceTitle "EXT 2015"]
[Source "ChessBase"]
[SourceDate "2014.11.20"]
[SourceVersion "1"]
[SourceVersionDate "2014.11.20"]
[SourceQuality "1"]
[WhiteTeam "Muenster SK V"]
[BlackTeam "Metelen"]
[WhiteTeamCountry "GER"]
[BlackTeamCountry "GER"]

1. e4 c5 2. Nc3 Nc6 3. Bb5 d6 4. f4 Bd7 5. Nf3 g6 6. 0-0 a6 7. Bxc6 Bxc6 8. Qe1 Bg7 9. Kh1 Qd7 10. e5 0-0-0 11. d4 e6 12. Be3 dxe5 13. Nxe5 Qc7 14. Nxc6 Qxc6 15. dxc5 Ne7 16. Rb1 Nf5 17. a3 h5 18. Bf2 h4 19. Qe4 Ng3+ 20. Bxg3 hxg3 21. Qxc6+ bxc6 22. h3 Bxc3 23. bxc3 Rd2 24. Rf3 Rhd8 25. Rxg3 Rd1+ 26. Rxd1 Rxd1+ 27. Kh2 Rd2 28. Rd3 Rxc2 29. Rd6 Kc7 30. Rd4 Rxc3 31. Ra4 Rxc5 32. Rxa6 Kb7 33. Ra4 Kb6 34. Rb4+ Rb5 35. Rc4 c5 36. Rc3 Ra5 37. Kg3 Kb5 38. Kf3 c4 39. Ke4 Kc5 40. g4 f6 41. h4 Ra7 42. g5 Rf7 1/2-1/2

[Event "Dortmund Sparkassen op-B"]
[Site "Dortmund"]
[Date "2013.08.04"]
[Round "9"]
[White "Baumann, Eva"]
[Black "Redlich, Kolja"]
[Result "0-1"]
[WhiteElo "1518"]
[BlackElo "1375"]
[PlyCount "74"]
[EventDate "2013.07.27"]
[EventType "swiss"]
[EventRounds "9"]
[EventCountry "GER"]
[SourceTitle "EXT 2022"]
[Source "ChessBase"]
[SourceDate "2021.10.06"]
[SourceVersion "1"]
[SourceVersionDate "2021.10.06"]
[SourceQuality "1"]

1. e4 c5 2. Nc3 d6 3. Bb5+ Nc6 4. f4 e6 5. Nf3 a6 6. Bxc6+ bxc6 7. 0-0 Nf6 8. d3 Be7 9. Qe1 0-0 10. Kh1 d5 11. e5 Nd7 12. Qg3 f6 13. Bd2 Qe8 14. Ne2 Qg6 15. Qxg6 hxg6 16. d4 Rb8 17. b3 Nb6 18. Nh4 Kf7 19. dxc5 Bxc5 20. g4 Rh8 21. Be1 f5 22. gxf5 gxf5 23. Nf3 Be7 24. Ned4 Bb7 25. Ng5+ Bxg5 26. fxg5 c5 27. Ne2 d4+ 28. Kg1 Nd5 29. Bf2 Rh5 30. h4 Rbh8 31. Rad1 Ke7 32. Ng3 Rxh4 33. Nxf5+ exf5 34. Bxh4 Rxh4 35. Rb1 Rg4+ 36. Kf2 Nc3 37. Rh1 Rg2+ 0-1

[Event "Dortmund Sparkassen op-B"]
[Site "Dortmund"]
[Date "2013.08.02"]
[Round "7"]
[White "Baumann, Eva"]
[Black "Biermann, Lenhard"]
[Result "1/2-1/2"]
[WhiteElo "1518"]
[BlackElo "1160"]
[PlyCount "80"]
[EventDate "2013.07.27"]
[EventType "swiss"]
[EventRounds "9"]
[EventCountry "GER"]
[SourceTitle "EXT 2022"]
[Source "ChessBase"]
[SourceDate "2021.10.06"]
[SourceVersion "1"]
[SourceVersionDate "2021.10.06"]
[SourceQuality "1"]

1. e4 e6 2. d4 d5 3. exd5 exd5 4. Nf3 Nf6 5. Be3 Bd6 6. Bd3 Be6 7. 0-0 Nbd7 8. Nbd2 c6 9. c4 0-0 10. Rc1 Rc8 11. Re1 Re8 12. b3 a6 13. Nf1 Bg4 14. N1d2 Bb4 15. Rf1 Ne4 16. Qc2 Ndf6 17. Bg5 Bxd2 18. Bxd2 Bxf3 19. gxf3 Nxd2 20. Qxd2 Nh5 21. Rfe1 Qf6 22. Rxe8+ Rxe8 23. Re1 Rxe1+ 24. Qxe1 g6 25. Qe3 Nf4 26. Kh1 Nxd3 27. Qxd3 Qg5 28. Qe3 Qf5 29. Kg2 Kf8 30. c5 Qb1 31. a4 Qf5 32. a5 Qf6 33. Kf1 Qf5 34. Ke2 Qc2+ 35. Kf1 Qf5 36. Kg2 Qf6 37. Kg3 Qf5 38. Qf4 Qxf4+ 39. Kxf4 f6 40. h3 Kf7 1/2-1/2